Word Ladder: Settlers of Catan Quiz Stats

 Plays Quiz Updated Feb 13, 2018

Challenge
Share
Tweet
Embed
Score 0/42 Timer 05:00
0 Plays Today
Clue 4-Letter Word % Correct
Upper limbs of humansARMS
98.2%
Points at a targetAIMS
95.7%
Basketball goals have these circular edgesRIMS
92.9%
38th U.S. President, Gerald ____FORD
92.8%
A small watercraftBOAT
92.3%
Bottom part of the legFOOT
92%
✯One of the resources; Soft, curly hair of sheep✯•WOOL•
92%
Money borrowed, usually with interestLOAN
91.8%
✯One of the resources; Lumber✯•WOOD•
91.7%
To start up a computerBOOT
91.6%
Silly personFOOL
91.1%
Winged insects that make honeyBEES
91%
Frog-like amphibianTOAD
91%
Body that revolves around a planetMOON
90.6%
Mild alcoholic drink brewed from hopsBEER
90.2%
To sink teeth intoBITE
90.1%
Strengthened place for military defenseFORT
89.9%
Gamblers frequently make theseBETS
89.8%
UncommonRARE
89.6%
Defeat someone in a gameBEAT
89.1%
Bend material over itselfFOLD
88.9%
Clue 4-Letter Word % Correct
Small piecesBITS
88.8%
State of mindMOOD
88.6%
Communicated informationTOLD
87.6%
A duck-sized diving birdLOON
86.7%
A portionPART
84.4%
✯Building by the sea usually gets this✯•PORT•
83.3%
Large, heavy mammal with shaggy furBEAR
83.1%
Firm or solidHARD
78.8%
'___ of the Ancient Mariner'RIME
77.7%
To look after with 'for'CARE
77.5%
✯Having brick and [Rung 25] earns this✯•ROAD•
76.7%
Reddish-brown color found in some horsesROAN
76.7%
To laugh, in FrenchRIRE
75.4%
A stag or male deerHART
74.8%
Quote something for justificationCITE
72.8%
✯Ore, wheat, & [Rung 26] earns a Development ____•CARD•
72.6%
✯Having the most knights wins Largest ____•ARMY•
72.5%
✯Having two wheat and three ore earns this✯•CITY•
58.1%
Edible seed of some plantsBEAN
54.8%
✯____ of Plenty gives a player any two resources✯•YEAR•
31.3%
A goat or sheep giving birthYEAN
21.7%

Today's Daily Dose

You're not logged in!

Compare scores with friends on all Sporcle quizzes.
OR
Log In

You Might Also Like...

Show Comments

Extras

Top Quizzes Today


Score Distribution

Your Account Isn't Verified!

In order to create a playlist on Sporcle, you need to verify the email address you used during registration. Go to your Sporcle Settings to finish the process.

Report this User

Report this user for behavior that violates our Community Guidelines.

Details: